000
00310nam a22001337a 4500
008
170615b xxu||||| |||| 00| 0 eng d
020
_a
9780521288651
041
_a
eng
080
_a
94(7/8)
100
_a
19
101
_a
SHP
245
_a
BUILDING A NEW AMERICAN STATE
_c
SKOWRONEK.S
942
_2
udc
_c
BK
999
_c
17487
_d
17487